Condor Airlines Destinations on a Map - Statistics

General Stats
  • This quiz has been taken 155 times
  • The average score is 56 of 84
Answers on the Map
Answers color-coded by a green-red scale on the quiz's map according to % correct below.
 
Answer Stats
Country Answer % Correct
United States Los Angeles
94%
United States New York
94%
United States San Francisco
94%
United States Seattle
94%
United States Boston
93%
United States Miami
93%
Canada Vancouver
92%
United States Las Vegas
91%
Canada Toronto
91%
Germany Berlin
89%
South Africa Cape Town
89%
Germany Frankfurt
89%
Germany Hamburg
89%
United States Anchorage
87%
Thailand Bangkok
87%
UAE Dubai
87%
Germany Munich
87%
Mexico Cancun
86%
Germany Dusseldorf
86%
South Africa Johannesburg
86%
Czech Republic Prague
83%
Maldives Male
82%
Switzerland Zurich
82%
Spain Ibiza
80%
Spain Palma de Mallorca
80%
Canada Calgary
79%
Canada Edmonton
79%
United States Portland
79%
Germany Stuttgart
79%
Germany Cologne
78%
Spain Malaga
77%
Mauritius Port Louis
77%
Lebanon Beirut
76%
Seychelles Mahe
76%
Italy Genoa
75%
Germany Leipzig
75%
Armenia Yerevan
75%
Thailand Phuket
74%
Spain Tenerife
74%
Portugal Faro
73%
Dominican Republic Santo Domingo
72%
Croatia Split
72%
Turkey Antalya
71%
Canada Halifax
71%
Greece Heraklion
70%
Germany Nuremberg
69%
Barbados Bridgetown
68%
Portugal Funchal
68%
Kosovo Pristina
68%
Greece Rhodes
68%
Tanzania Zanzibar
68%
Cyprus Larnaca
67%
Spain Gran Canaria
66%
Kenya Mombasa
66%
Greece Corfu
64%
Dominican Republic Punta Cana
64%
Mexico San Jose del Cabo
64%
Jamaica Montego Bay
62%
Morocco Agadir
61%
Egypt Hurghada
61%
Spain Fuerteventura
58%
Spain Lanzarote
57%
Greece Chania
51%
Grenada St George´s
51%
Italy Olbia
50%
Antigua and Barbuda St John´s
50%
Trinidad and Tobago Scarborough
49%
Egypt Giza
47%
Greece Zakynthos
45%
Greece Kos
43%
Croatia Rijeka
42%
Martinique Fort de France
41%
Greece Kefalonia
40%
Spain La Palma
35%
Greece Kalamata
34%
Greece Preveza
32%
Greece Samos
32%
Italy Lamezia Terme
31%
Greece Skiathos
31%
Dominican Republic Puerto Plata
29%
Greece Kavala
27%
Greece Karpathos
23%
Greece Volos
23%
Spain Jeres de la Frontera
9%
No matching quizzes found
Score Distribution
Percent of People with Each Score
Percentile by Number Answered
Your Score History
You have not taken this quiz